01499nam a22003374a 4500001001200000003000800012006001900020007001500039008004100054020002800095040002100123035002100144050002600165082002200191100001900213245012500232260005700357300001700414504006400431533015200495600005300647600004900700600003500749600003800784650009700822650005100919655002900970710001700999856012601016999001901142ebr10328815CaPaEBRm u cr cn|||||||||030807s2004 mau sb 001 0 eng  z0674011899 (alk. paper) aCaPaEBRcCaPaEBR a(OCoLC)45624500514aBR195.L42bS74 2004eb04a262/.12/090152221 aSterk, Andrea.10aRenouncing the world yet leading the churchh[electronic resource] :bthe monk-bishop in late antiquity /cAndrea Sterk. aCambridge, Mass. :bHarvard University Press,c2004. aviii, 360 p. aIncludes bibliographical references (p. 249-350) and index. aElectronic reproduction.bPalo Alto, Calif. :cebrary,d2013.nAvailable via World Wide Web.nAccess may be limited to ebrary affiliated libraries.00aBasil,cSaint, Bishop of Caesarea,dca. 329-379.00aGregory,cof Nyssa, Saint,dca. 335-ca. 394.00aGregory,cof Nazianzus, Saint.00aJohn Chrysostom,cSaint,dd. 407. 0aLeadershipxReligious aspectsxChristianityxHistory of doctrinesyEarly church, ca. 30-600. 0aAsceticismxHistoryyEarly church, ca. 30-600. 7aElectronic books.2local2 aebrary, Inc.40uhttp://site.ebrary.com/lib/rucke/Doc?id=10328815zAn electronic book accessible through the World Wide Web; click to view c157440d157440